QUEST Central Library Banner

Heat and Mass Transfer : fundamentals and applications (Record no. 2725)

MARC details
000 -LEADER
fixed length control field 00779nam a2200253 a 4500
003 - CONTROL NUMBER IDENTIFIER
control field PK-NaQUE
005 - DATE AND TIME OF LATEST TRANSACTION
control field 20250920114803.0
008 - FIXED-LENGTH DATA ELEMENTS--GENERAL INFORMATION
fixed length control field 241216b ||||| |||| 00| 0 eng d
020 ## - INTERNATIONAL STANDARD BOOK NUMBER
International Standard Book Number 0073129305 (hardcover)
020 ## - INTERNATIONAL STANDARD BOOK NUMBER
International Standard Book Number 9780073129303 (hardcover)
040 ## - CATALOGING SOURCE
Transcribing agency QUEST
100 1# - MAIN ENTRY--PERSONAL NAME
Personal name Cengel, Yunus A.
245 10 - TITLE STATEMENT
Title Heat and Mass Transfer : fundamentals and applications
250 ## - EDITION STATEMENT
Edition statement 3rd ed.
260 ## - PUBLICATION, DISTRIBUTION, ETC. (IMPRINT)
Place of publication, distribution, etc [S.l.] :
Name of publisher, distributor, etc McGraw-Hill,
Date of publication, distribution, etc 2007.
300 ## - PHYSICAL DESCRIPTION
Extent 901p. ;
490 1# - SERIES STATEMENT
Series statement Mcgraw-hill series in mechanical engineering.
650 ## - SUBJECT ADDED ENTRY--TOPICAL TERM
Topical term or geographic name as entry element Heat--Transmission
650 ## - SUBJECT ADDED ENTRY--TOPICAL TERM
Topical term or geographic name as entry element Mass transfer
650 ## - SUBJECT ADDED ENTRY--TOPICAL TERM
Topical term or geographic name as entry element Heat--Transmission--Industrial applications
700 ## - ADDED ENTRY--PERSONAL NAME
Personal name Ghajar, Afshin J.
856 40 - ELECTRONIC LOCATION AND ACCESS
Uniform Resource Identifier <a href="http://10.10.170.122:8080/browse/book/2582">http://10.10.170.122:8080/browse/book/2582</a>
Link text Download eBook
942 ## - ADDED ENTRY ELEMENTS (KOHA)
Koha item type Books
Source of classification or shelving scheme Dewey Decimal Classification
Holdings
Withdrawn status Lost status Damaged status Not for loan Home library Current library Date acquired Cost, normal purchase price Total Checkouts Full call number Barcode Date last seen Date checked out Price effective from Koha item type Collection code
        Central Library, QUEST, Nawabshah Central Library, QUEST, Nawabshah 13/05/2014 23523.00 1 621.4022CEN 48297 22/10/2025 03/09/2014 13/05/2014 Books  
        Central Library, QUEST, Nawabshah Central Library, QUEST, Nawabshah 13/05/2014 23523.00 9 621.4022CEN 48299 08/08/2025 08/12/2023 13/05/2014 Books  
        Central Library, QUEST, Nawabshah Central Library, QUEST, Nawabshah 13/05/2014 23523.00 8 621.4022CEN 48300 27/09/2024 14/06/2022 13/05/2014 Books  
        Reference Section Reference Section 13/05/2014 23523.00 1 621.4022CEN (Shelf - 63C) 48298 25/10/2019 08/03/2016   Books Reference
        Reference Section Research Section 13/05/2014 23523.00   621.4022CEN (Shelf - 63B) 48301 13/05/2014     Books Reference
        Seminar Library, Mechanical Engg. Seminar Library, Mechanical Engg. 27/05/2014 1079.00   621.4022CEN 39279 16/12/2024   16/12/2024 Books  

Copyright © 2018,The QUEST, Nawabshah, Shaheed Benazirabad. All rights reserved
Mr. G. Farooq Channar (Librarian) QUEST, Nawabshah, Sindh, Pakistan 67480.
 Ph#: |   0244-9370381-4 Ext. 2308   Email| lib@quest.edu.pk   Web|  http://www.quest.edu.pk